|
|
|
|
| LEADER |
00000nab a2200000 a 4500 |
| 001 |
vtls000918642 |
| 003 |
SK-MaSNL |
| 005 |
20260303034229.0 |
| 008 |
040720e19930824xo 0 slo |
| 035 |
|
|
|a KE27519
|
| 040 |
|
|
|a KEVKJB
|b slo
|c KEVKJB
|e AACR2
|
| 041 |
0 |
|
|a slo
|
| 044 |
|
|
|a xo
|c SK
|
| 080 |
|
|
|a 796.61
|2 1981
|
| 100 |
1 |
|
|a Gálik, Pavol
|4 aut
|9 406486
|
| 245 |
1 |
0 |
|a Hric s bronzom
|b Z ME horských bicyklov putuje kov na Slovensko!
|
| 518 |
|
|
|a 22.8.1993
|
| 590 |
|
|
|a Hric, Peter
|b cyklokrosár, profesionál
|
| 600 |
1 |
7 |
|a Hric, Peter
|2 KEVKJB
|9 368519
|
| 650 |
0 |
7 |
|a horská cyklistika
|2 KEVKJB
|9 74921
|
| 650 |
0 |
7 |
|a šampionáty
|2 KEVKJB
|9 1019239
|
| 650 |
0 |
7 |
|a finále mužov
|2 KEVKJB
|9 1019240
|
| 650 |
0 |
7 |
|a pôsobenie
|2 KEVKJB
|9 877655
|
| 650 |
0 |
7 |
|a miesto 3.
|2 KEVKJB
|9 879787
|
| 650 |
0 |
7 |
|a získanie
|2 KEVKJB
|9 311597
|
| 650 |
0 |
7 |
|a rozhovory
|2 KEVKJB
|9 453585
|
| 651 |
|
7 |
|a Klosterse (Švajčiarsko)
|2 KEVKJB
|9 1019238
|
| 651 |
|
7 |
|a Košice (Slovensko)
|2 KEVKJB
|9 18694
|
| 651 |
|
7 |
|a KE,
|2 KEVKJB
|9 877256
|
| 655 |
|
7 |
|a periodikum
|2 snkbucl
|9 29553
|
| 773 |
0 |
8 |
|t Pravda
|g Roč. 3, č.196, 24.8.1993, s. 10
|
| 852 |
|
|
|a ZVYKNI
|b KIS3GCP
|
| 999 |
|
|
|c 1672813
|d 1674743
|